ბათუმის შოთა რუსთაველის სახელმწიფო უნივერსიტეტის ბიბლიოთეკა

Овощеводство в парниках и теплицах (ბიბ.ჩანაწერი № 46089)

000 -LEADER
fixed length control field 00590nam a2200205Ia 4500
001 - CONTROL NUMBER
control field 12919
003 - CONTROL NUMBER IDENTIFIER
control field GE_BSU
008 - FIXED-LENGTH DATA ELEMENTS--GENERAL INFORMATION
fixed length control field 181216s||||||||xx |||||||||||||| ||und||
040 ## - CATALOGING SOURCE
Transcribing agency GE_BSU
080 ## - UNIVERSAL DECIMAL CLASSIFICATION NUMBER
Universal Decimal Classification number 635
100 ## - MAIN ENTRY--PERSONAL NAME
Personal name Шеремевский,П.В.
245 ## - TITLE STATEMENT
Title Овощеводство в парниках и теплицах
245 ## - TITLE STATEMENT
Statement of responsibility, etc. Ред.П.К.Епин
260 ## - PUBLICATION, DISTRIBUTION, ETC.
Place of publication, distribution, etc. Москва
260 ## - PUBLICATION, DISTRIBUTION, ETC.
Name of publisher, distributor, etc. Огиз-сельхозгиз
260 ## - PUBLICATION, DISTRIBUTION, ETC.
Date of publication, distribution, etc. 1945
300 ## - PHYSICAL DESCRIPTION
Extent 204стр.илл.20см.
653 ## - INDEX TERM--UNCONTROLLED
Uncontrolled term Овощеводство в парниках и теплицах
942 ## - ADDED ENTRY ELEMENTS (KOHA)
Koha item type წიგნი
ეგზემპლარები
Withdrawn status Lost status Damaged status Not for loan Date acquired Barcode Date last seen Price effective from Koha item type
        2018-12-17 80844 2018-12-17 2018-12-17 წიგნი